| 000 | 00478nam a2200145Ia 4500 | ||
|---|---|---|---|
| 003 | OSt | ||
| 005 | 20260124113130.0 | ||
| 008 | 211028s2017 xx 000 0 und d | ||
| 040 | _cAIMIT LIBRARY | ||
| 041 | _aeng | ||
| 100 |
_aJohnson, Joyal; Sumitha, P V. _g1516067 _97643 |
||
| 245 | _aStudy on factors influencing customer preference for maruti suzuki small cars with special reference to KVR cars Kasaragod / | ||
| 260 |
_aMangalore _bSumitha P V. _c2017 |
||
| 942 |
_2ddc _cPRO |
||
| 999 |
_c219211 _d219211 |
||